000 00776nam#a22002535ar4500
001 451
008 061114s1967####ag#ao##e######001#0#spa#d
245 1 0 _aDescripción de los cultivares de peral (P. communis) :
_bde la colección pomológica de la estación experimental Agropecuaria Mendoza /
_cEmma M. L., Welkerling De Tacchini.
250 _a1ª.
260 _aBuenos Aires :
_bColección agropecuaria de INTA,
_c1967.
300 _a641 p. :
_bil, fot ;
_c16 cm.
100 1 _aDe Tacchini Welkerling, Emma M. L.
080 _a634.13/061)
084 _aD46
653 _aBeurre
653 _aMaguate
653 _aFertility
653 _aHessle
653 _aConclusiones
040 _aAR-ClEAG
_cAR-ClEAG
005 20241107184636.0
003 AR-ClEAG
942 _cBK
999 _c451
_d451
980 _62
_aEvangelina Gallicchio
_82
_gEvangelina Gallicchio